000 00346 a2200157 4500
001 61347
020 _a9783190218233
040 _cAnchieta - Pituba
100 _aRose, Martina
240 1 0 _aIdeen 1
_lpor
245 1 0 _aIdeen 1
300 _a190
362 0 _a2010
650 4 _aLínguas germânicas (teutônicas) língua alemã
942 _cBK
999 _c61347
_d61347